| 000 | 00381nam a2200145Ia 4500 | ||
|---|---|---|---|
| 008 | 240624s9999 xx 000 0 und d | ||
| 041 | _aeng | ||
| 082 | _a300.72 KOT | ||
| 100 | _aKOTHARI C R | ||
| 245 | _aRESEARCH METHODOLOGY METHODS AND TECHNIQ | ||
| 250 | _a(2nd ed.) | ||
| 260 |
_c2005 _aNew Delhi _bNew Age International |
||
| 300 | _axvi, : 401 : p. : cm. ; 24 | ||
| 365 | _cRS | ||
| 999 |
_c4929 _d4929 |
||